| 000 | 01056nam a2200181 i 4500 | ||
|---|---|---|---|
| 001 | 42304 | ||
| 003 | ES-MaACL | ||
| 005 | 20231204171250.0 | ||
| 007 | t| | ||
| 008 | 030313s1972 sp ||||1| spa d | ||
| 100 | 1 |
_aCejador y Frauca, Julio, _d1864-1927 _937333 |
|
| 245 | 1 | 0 |
_aHistoria de la lengua y literatura castellana _b: (comprendidos los autores hispanoamericanos) / _cJulio Cejador y Franca. |
| 260 |
_aMadrid : _bHernando : _bGredos, _c1932 _c[1972] |
||
| 300 |
_a11 t. en 6 v. ; _c22 cm. |
||
| 505 | 8 | _aContiene: V.I. : Desde los orígenes hasta Carlos V. - VIII, 357 p., 310 p. -- V.II: T. II y III.: Epoca de Carlos V. Epoca de Felipe II. - 316 p., 408 p. -- V.III.: T. IV y V.: Faltan. -- V.IV.: T. VI y VII.: Epoca del siglo XVIII : 1701-1829. Epoca romántica : 1830-1849. - 466 p., 506 p. -- V. V.: T. VIII. y IX.: Periodos de la época realista (1850-1887). - XII, 487 p., 527 p. -- V.VI.: T. X y XI.: Epoca regional y modernista, 1888-1907. - 339 p., 328 p. | |
| 852 |
_aES-MaACL _jP-1772 _bR.81932 |
||
| 999 |
_c42304 _d42304 |
||